Logo BPK

Biblioteka

Politechniki Koszalińskiej

Dochody gospodarstw chłopskich w okresie transformacji : (Rekord nr 43170)

Szczegóły MARC
000 -ETYKIETA REKORDU
podpole kontrolne o stałej długości 01055nam a2200229 i 4500
001 - NUMER KONTROLNY REKORDU
pole kontrolne bg
040 ## - ŹRÓDŁO KATALOGOWANIA
Instytucja, która utworzyła rekord BPK
041 0# - KOD JĘZYKA
Kod języka tekstu pol
Kod języka streszczenia lub abstraktu engrus
080 ## - UNIWERSALNA KLASYFIKACJA DZIESIĘTNA - UKD
UKD 631.16:330.567.2](438)"1989/..."
008 - POLE O STAŁEJ DŁUGOŚCI - DANE KONTROLNE
podpole kontrolne o stałej długości s pl f |000 0 pol
100 1# - NAZWA OSOBOWA
Nazwa osobowa ZEGAR, Józef Stanisław
245 10 - TYTUŁ/ODPOWIEDZIALNOŚĆ
Tytuł Dochody gospodarstw chłopskich w okresie transformacji :
Ciąg dalszy tytułu (na przykładzie gospodarstw prowadzących rachunkowość rolną) /
Pozostałe elementy strefy tytułu i oznaczenia odpowiedzialności Józef Stanisław Zegar.
260 ## - STREFA ADRESU WYDAWNICZEGO
Miejsce wydania Warszawa :
Nazwa wydawcy/dystrybutora IERiGŻ,
Data publikacji, dystrybucji/powstania dokumentu 2000.
300 ## - STREFA OPISU FIZYCZNEGO
Objętość 78, [1] s. ;
Rozmiary 25 cm.
490 1# - STREFA SERII I DOKUMENTU WIELOCZĘŚCIOWEGO - FORMA NIE DO WYSZUKIWANIA
Tytuł i oznaczenie odpowiedzialności serii Studia i Monografie / Instytut Ekonomiki Rolnictwa i Gospodarki Żywnościowej,
ISSN 0239-7102 ;
Numeracja w obrębie serii 101
500 ## - UWAGI OGÓLNE
Tekst uwagi Streszcz. ang., ros.
650 #9 - HASŁO PRZEDMIOTOWE W FORMIE NAZWY OGÓLNEJ LUB JEDNOSTKOWEJ
Nazwa ogólna lub geograficzna Dochody indywidualne
Określnik ogólny rolnictwo
Określnik geograficzny Polska
Określnik chronologiczny od 1989 r.
650 #9 - HASŁO PRZEDMIOTOWE W FORMIE NAZWY OGÓLNEJ LUB JEDNOSTKOWEJ
Nazwa ogólna lub geograficzna Gospodarstwo rolne
Określnik ogólny ekonomika
Określnik geograficzny Polska
Określnik chronologiczny od 1989 r.
830 #0 - HASŁO DODATKOWE SERII LUB DOKUMENTU WIELOCZĘŚCIOWEGO - TYTUŁ UJEDNOLICONY
Tytuł ujednolicony Studia i Monografie (Instytut Ekonomiki Rolnictwa i Gospodarki Żywnościowej) ;
Oznaczenie tomu 101
856 ## - LOKALIZACJA I DOSTĘP DO ELEKTRONICZNYCH DOKUMENTÓW ZDALNYCH
Link (URL) http://koha.tu.koszalin.pl/cgi-bin/koha/opac-detail.pl?biblionumber=43170
Tekst linku Katalog online BPK
942 ## - DODATKOWE ELEMENTY (KOHA)
Typ dokumentu Książka
Egzemplarze
Wycofany Status egzemplarza Uszkodzony Dostępność Lokalizacja stała Lokalizacja bieżąca Miejsce przechowywania Sygnatura Kod kreskowy Typ dokumentu
      Dostępny Biblioteka Politechniki Koszalińskiej Biblioteka Politechniki Koszalińskiej Wypożyczalnia BG 68341 02015729 Książka
© 2023 Biblioteka Politechniki Koszalińskiej :: KOHA